Southville International School and Colleges
Your cart is empty.
  • Cart
  • Lists
    Public lists Eva Luna New books Lux_list list_1
    Your lists Log in to create your own lists
  • Log in to your account
  • Your cookies
  • Search history
Southville International School and Colleges
  • Advanced search
  • Recent comments
  • Most popular
  • Libraries

Log in to your account

Log in with GOOGLE


If you do not have an external account, but do have a local account, you can still log in:

  1. Home
  2. MARC view: Tinapay ng buhay :
Normal view MARC view ISBD view

Tinapay ng buhay : (Record no. 109324)

[ view plain ]
MARC details
000 -LEADER
fixed length control field 00482nam a2200169 a 4500
005 - DATE AND TIME OF LATEST TRANSACTION
control field 20140414093841.0
008 - FIXED-LENGTH DATA ELEMENTS--GENERAL INFORMATION
fixed length control field 080221s19uu xx uuu eng d
050 ## - LIBRARY OF CONGRESS CALL NUMBER
Classification number VCD 070.1
Item number Asi 2003
245 ## - TITLE STATEMENT
Title Tinapay ng buhay :
Remainder of title simbahan at kahirapan.
260 ## - PUBLICATION, DISTRIBUTION, ETC. (IMPRINT)
Place of publication, distribution, etc Sl :
Name of publisher, distributor, etc The Archdiocese of ManilaJesuit of Communications,
Date of publication, distribution, etc c2003.
300 ## - PHYSICAL DESCRIPTION
Extent 1 videodisk
650 ## - SUBJECT ADDED ENTRY--TOPICAL TERM
Topical term or geographic name as entry element Film (documentary).
650 ## - SUBJECT ADDED ENTRY--TOPICAL TERM
Topical term or geographic name as entry element Documentary films.
650 ## - SUBJECT ADDED ENTRY--TOPICAL TERM
Topical term or geographic name as entry element Poverty.
942 ## - ADDED ENTRY ELEMENTS (KOHA)
Koha item type Audio Visual Materials
Holdings
Withdrawn status Lost status Damaged status Use restrictions Home library Current library Shelving location Date acquired Source of acquisition Cost, normal purchase price Total Checkouts Full call number Barcode Date last seen Price effective from Koha item type
        Luxembourg Library Luxembourg Library Audio Visual Material Section 02/21/2008   300.00   VCD 070.1 Asi 2003 AV0962 04/14/2014 04/14/2014 Audio Visual Materials

Tinapay ng buhay :

APA

(2003). Tinapay ng buhay. Sl: The Archdiocese of ManilaJesuit of Communications.

Chicago

2003. Tinapay ng buhay. Sl: The Archdiocese of ManilaJesuit of Communications.

Harvard

(2003). Tinapay ng buhay. Sl: The Archdiocese of ManilaJesuit of Communications.

MLA

Tinapay ng buhay. Sl: The Archdiocese of ManilaJesuit of Communications. 2003.

  • Place hold
  • Print
  • Cite
  • Add to your cart (remove)
  • Save record
    BIBTEX Dublin Core MARCXML MARC (non-Unicode/MARC-8) MARC (Unicode/UTF-8) MARC (Unicode/UTF-8, Standard) MODS (XML) RIS
  • More searches
    Search for this title in:
    Other Libraries (WorldCat) Other Databases (Google Scholar) Online Stores (Bookfinder.com) Open Library (openlibrary.org)

Exporting to Dublin Core...

SOUTHVILLE LIBRARY

Southville International School and Colleges Library

1281 Tropical Ave. Cor. Luxembourg St., BF Homes International, Las Pinas City

Tel. No. 8256374 / 252358 Loc. 117/146

Powered by Koha